000 00265nam a2200109Ia 4500
008 240625s9999 xx 000 0 und d
041 _aeng
082 _a332.6 CHA
100 _aCHANDRA PRASANNA
245 _aINVESTMENT ANALYSIS AND PORTFOLIO MANAGE
260 _c2014
999 _c39531
_d39531